00657nam a22001457a 4500999001500000008004100015100003600056245009500092260005500187300002900242650004300271942001500314952009100329952009100420 c6845d6845200331b ||||| |||| 00| 0 eng d aThe United Republic of Tanzania aNational Accounts of Tanzania Mainland 2001-2011cThe United Republic of TanzaniahEnglish aDar Es SalaambNational Bureau of Statisticsc2012 a46p.bIllustrationc28cm 2National Accounts of Tanzania Mainland 2ddccBOOKS 00102ddc4070a3000b3000d2020-03-31l0p10000002363r2020-03-31w2020-03-31yBOOKS 00102ddc4070a3000b3000d2020-03-31l0p10000002364r2020-03-31w2020-03-31yBOOKS